000 00411 a2200145 4500
020 _a0749398078
082 _a823.7
090 _c1343
_d1343
100 _aKafka ,Franz .
245 _aComplete novels the trial america the castle
_cFranz Kafka ,
260 _aLondon :
_bVintage ,
_c1992
300 _a464 p.
650 _a1. Love stories , English. 2.social life and customs ---Fiction
942 _cBK
_k823.7 KAF
999 _c5298
_d5298